Zufällige Geographie-Buchstaben-Challenge - Statistiken

Allgemein
  • Dieses Quiz wurde 143 mal gespielt
  • Das Durchschnittsergebnis liegt bei 16 aus 20
Antwortstatistiken
Nenne ein ... Möglich Erraten % Korrekt
Land, das mit A beginnt (10) Afghanistan | Albanien | Algerien | Andorra | Angola | Antigua und Barbuda | Argentinien | Armenien | Australien | Aserbaidschan
100%
Land, das mit Ä beginnt (3) Ägypten | Äquatorialguinea | Äthiopien
100%
Land, das mit B beginnt (17) Bahamas | Bahrain | Bangladesch | Barbados | Belarus | Belgien | Belize | Benin | Bhutan | Bolivien | Bosnien und Herzegowina | Botswana | Brasilien | Brunei | Bulgarien | Burkina Faso | Burundi
100%
Land, das mit C beginnt (3) Chile | China | Costa Rica
100%
Land, das mit D beginnt (6) Demokratische Republik Kongo | Dänemark | Deutschland | Dschibuti | Dominica | Dominikanische Republik
100%
Land, das mit E beginnt (6) Ecuador | Elfenbeinküste | El Salvador | Eritrea | Estland | Eswatini
100%
Land, das mit F beginnt (4) Föderierte Staaten von Mikronesien | Fidschi | Finnland | Frankreich
100%
Land, das mit G beginnt (10) Gabun | Gambia | Georgien | Ghana | Griechenland | Grenada | Guatemala | Guinea | Guinea-Bissau | Guyana
100%
Land, das mit H beginnt (2) Haiti | Honduras
100%
Land, das mit J beginnt (4) Jamaika | Japan | Jemen | Jordanien
100%
Land, das mit K beginnt (15) Kambodscha | Kamerun | Kanada | Kap Verde | Kasachstan | Katar | Kenia | Kirgisistan | Kiribati | Kolumbien | Komoren | Kosovo | Kroatien | Kuba | Kuwait
100%
Land, das mit L beginnt (9) Laos | Lesotho | Lettland | Libanon | Liberia | Libyen | Liechtenstein | Litauen | Luxemburg
100%
Land, das mit M beginnt (17) Madagaskar | Malawi | Malaysia | Malediven | Mali | Malta | Marokko | Marshallinseln | Mauretanien | Mauritius | Mexiko | Moldawien | Monaco | Mongolei | Montenegro | Mozambique | Myanmar
100%
Land, das mit N beginnt (11) Namibia | Nauru | Nepal | Neuseeland | Nicaragua | Niederlande | Niger | Nigeria | Nordkorea | Nordmazedonien | Norwegen
100%
Land, das mit P beginnt (9) Pakistan | Palau | Panama | Papua-Neuguinea | Paraguay | Peru | Philippinen | Polen | Portugal
100%
Land, das mit R beginnt (4) Republik Kongo | Ruanda | Rumänien | Russland
100%
Land, das mit V beginnt (7) Vanuatu | Vatikanstadt | Venezuela | Vereinigte Arabische Emirate | Vereinigtes Königreich | Vereinigte Staaten | Vietnam
100%
Land, das auf A endet (42) Andorra | Angola | Antigua und Barbuda | Äquatorialguinea | Bosnien und Herzegowina | Botswana | China | Costa Rica | Dominica | Eritrea | Gambia | Ghana | Grenada | Guatemala | Guinea | Guyana | Jamaika | Kambodscha | Kanada | Kenia | Kuba | Liberia | Malaysia | Malta | Namibia | Nicaragua | Nigeria | Nordkorea | Panama | Papua-Neuguinea | Ruanda | Sambia | Samoa | Somalia | Südafrika | Südkorea | Sri Lanka | St. Lucia | Tansania | Tonga | Uganda | Venezuela
100%
Land, das auf D endet (11) Deutschland | Estland | Finnland | Griechenland | Irland | Island | Lettland | Neuseeland | Russland | Tschad | Thailand
100%
Land mit 5 Buchstaben (19) Benin | Chile | China | Gabun | Ghana | Haiti | Japan | Jemen | Katar | Kenia | Malta | Nauru | Nepal | Niger | Palau | Polen | Samoa | Sudan | Tonga
100%
US-Staat, der mit A beginnt (4) Alabama | Alaska | Arizona | Arkansas
100%
US-Staat, der mit I beginnt (4) Idaho | Illinois | Indiana | Iowa
100%
US-Staat, der mit K beginnt (3) Kalifornien | Kansas | Kentucky
100%
US-Staat mit 4 Buchstaben (3) Iowa | Ohio | Utah
100%
US-Staat mit 6 Buchstaben (5) Alaska | Hawaii | Kansas | Nevada | Oregon
100%
US-Staat, der NN enthält (4) Connecticut | Minnesota | Pennsylvania | Tennessee
100%
Hauptstadt, die mit A beginnt (16) Abu Dhabi | Abuja | Accra | Addis Abeba | Algier | Amman | Amsterdam | Andorra la Vella | Ankara | Antananarivo | Apia | Aşgabat | Asmara | Astana | Asunción | Athen
100%
Hauptstadt, die mit B beginnt (25) Bagdad | Baku | Bamako | Bandar Seri Begawan | Bangkok | Bangui | Banjul | Basseterre | Beirut | Belgrad | Belmopan | Berlin | Bern | Bischkek | Bissau | Bloemfontein | Bogotá | Brasília | Bratislava | Brazzaville | Bridgetown | Brüssel | Budapest | Buenos Aires | Bukarest
100%
Hauptstadt, die mit M beginnt (18) Madrid | Majuro | Malé | Managua | Manama | Manila | Maputo | Maseru | Maskat | Mbabane | Mexiko-Stadt | Minsk | Mogadischu | Monaco | Monrovia | Montevideo | Moroni | Moskau
100%
Hauptstadt, die mit O beginnt (3) Oslo | Ottawa | Ouagadougou
100%
Hauptstadt, die mit R beginnt (6) Rabat | Reykjavík | Riad | Riga | Rom | Roseau
100%
Hauptstadt, die mit T beginnt (11) Taipeh | Tallinn | Taschkent | Tegucigalpa | Teheran | Thimphu | Tiflis | Tirana | Tokio | Tripolis | Tunis
100%
Hauptstadt, die mit V beginnt (6) Vaduz | Valletta | Vatikanstadt | Victoria | Vientiane | Vilnius
100%
Hauptstadt mit 4 Buchstaben (16) Apia | Baku | Bern | Dili | Doha | Juba | Kiew | Lima | Lomé | Malé | Oslo | Prag | Riad | Riga | Suva | Wien
100%
Hauptstadt, die J enthält (17) Abuja | Banjul | Jakarta | Jaunde | Jerewan | Jerusalem | Juba | Ljubljana | Majuro | N'Djamena | Pjöngjang | Reykjavík | Saint John's | San José | Sarajevo | Skopje | Sri Jayawardenepura Kotte
100%
Land, das mit S beginnt (28) Salomonen | Sambia | Samoa | San Marino | São Tomé und Príncipe | Saudi-Arabien | Schweden | Schweiz | Senegal | Serbien | Seychellen | Sierra Leone | Simbabwe | Singapur | Slowakei | Slowenien | Somalia | Spanien | Sri Lanka | St. Kitts und Nevis | St. Lucia | St. Vincent und die Grenadinen | Südafrika | Sudan | Südkorea | Südsudan | Suriname | Syrien
94%
Land, das mit Z beginnt (2) Zentralafrikanische Republik | Zypern
94%
Land, das mit U beginnt (5) Uganda | Ukraine | Ungarn | Uruguay | Usbekistan
93%
US-Staat, der auf S endet (5) Arkansas | Illinois | Kansas | Massachusetts | Texas
93%
Hauptstadt, die mit H beginnt (5) Hanoi | Harare | Havanna | Helsinki | Honiara
93%
Land, das mit I beginnt (8) Indien | Indonesien | Iran | Irak | Irland | Island | Israel | Italien
92%
Land, das mit O oder Ö beginnt (3) Oman | Österreich | Osttimor
92%
Land, das auf O endet (12) Burkina Faso | Demokratische Republik Kongo | Kosovo | Lesotho | Marokko | Mexiko | Monaco | Montenegro | Republik Kongo | San Marino | Togo | Trinidad und Tobago
92%
US-Staat, der auf A endet (20) Alabama | Alaska | Arizona | Florida | Georgia | Indiana | Iowa | Louisiana | Minnesota | Montana | Nebraska | Nevada | North Carolina | North Dakota | Oklahoma | Pennsylvania | South Carolina | South Dakota | Virginia | West Virginia
92%
Hauptstadt, die mit L beginnt (11) La Paz | Libreville | Lilongwe | Lima | Lissabon | Ljubljana | Lomé | London | Luanda | Lusaka | Luxemburg
92%
Hauptstadt, die mit S beginnt (19) Saint George's | Saint John's | San José | San Marino | San Salvador | Sanaa | Santiago | Santo Domingo | São Tomé | Sarajevo | Seoul | Singapur | Skopje | Sofia | South Tarawa | Sri Jayawardenepura Kotte | Stockholm | Sucre | Suva
92%
Hauptstadt, die auf A endet (48) Abuja | Accra | Addis Abeba | Andorra la Vella | Ankara | Asmara | Astana | Apia | Bogotá | Brasília | Bratislava | Canberra | Dhaka | Dodoma | Doha | Gitega | Havanna | Honiara | Jakarta | Juba | Kampala | Kinshasa | Ljubljana | Lima | Luanda | Lusaka | Managua | Manama | Manila | Monrovia | N’Djamena | Nikosia | Nuku’alofa | Ottawa | Podgorica | Port Vila | Praia | Pretoria | Priština | Riga | Sanaa | Sofia | South Tarawa | Suva | Tirana | Tegucigalpa | Valletta | Victoria
92%
US-Staat, der mit C beginnt (2) Colorado | Connecticut
91%
US-Staat, der Y enthält (6) Pennsylvania | Maryland | Wyoming | New York | Kentucky | New Jersey
91%
Hauptstadt, die mit P beginnt (18) Palikir | Panama-Stadt | Paramaribo | Paris | Peking | Phnom Penh | Pjöngjang | Podgorica | Port-au-Prince | Port Louis | Port Moresby | Port-of-Spain | Port Vila | Porto-Novo | Prag | Praia | Pretoria | Priština
91%
Land, das auf U endet (6) Guinea-Bissau | Nauru | Palau | Peru | Tuvalu | Vanuatu
90%
US-Staat, der mit W beginnt (4) Washington | West Virginia | Wisconsin | Wyoming
90%
US-Staat, der SS enthält (4) Massachusetts | Mississippi | Missouri | Tennessee
90%
Hauptstadt, die auf G endet (4) Luxemburg | Peking | Pjöngjang | Prag
90%
US-Staat, der auf O endet (4) Colorado | Idaho | New Mexico | Ohio
89%
Hauptstadt, die mit K beginnt (14) Kabul | Kairo | Kampala | Kapstadt | Kathmandu | Khartoum | Kiew | Kigali | Kingston | Kingstown | Kinshasa | Kopenhagen | Kuala Lumpur | Kuwait-Stadt
89%
Land mit 4 Buchstaben (8) Irak | Iran | Kuba | Laos | Mali | Oman | Peru | Togo
88%
Land, das W enthält (13) Bosnien und Herzegowina | Botswana | Eswatini | Kuwait | Malawi | Moldawien | Norwegen | Schweden | Schweiz | Simbabwe | Slowakei | Slowenien | Taiwan
88%
US-Staat, der mit M beginnt (8) Maine | Maryland | Massachusetts | Michigan | Minnesota | Mississippi | Missouri | Montana
88%
US-Staat, der mit N beginnt (8) Nebraska | Nevada | New Hampshire | New Jersey | New Mexico | New York | North Carolina | North Dakota
88%
US-Staat, der mit T beginnt (2) Tennessee | Texas
88%
US-Staat, der auf N endet (4) Kalifornien | Michigan | Oregon | Washington | Wisconsin
88%
Hauptstadt, die mit Z beginnt (1) Zagreb
88%
Hauptstadt, die auf O endet (17) Antananarivo | Bamako | Kairo | Majuro | Maputo | Monaco | Montevideo | Oslo | Paramaribo | Porto-Novo | Quito | San Marino | Santiago | Santo Domingo | Sarajevo | Tokio | Yamoussoukro
88%
Hauptstadt, die Z enthält (5) Brazzaville | Ciudad de la Paz | La Paz | Vaduz | Zagreb
88%
Hauptstadt, die mit W beginnt (4) Warschau | Washington D.C. | Wellington | Wien | Windhoek
87%
US-Staat, der mit S beginnt (2) South Carolina | South Dakota
86%
Hauptstadt, die mit D beginnt (9) Dakar | Damaskus | Dhaka | Dili | Dodoma | Doha | Dschibuti | Dublin | Duschanbe
86%
Land, das mit T beginnt (13) Taiwan | Tadschikistan | Tansania | Tschad | Tschechien | Thailand | Togo | Tonga | Trinidad und Tobago | Tunesien | Türkei | Turkmenistan | Tuvalu
83%
Hauptstadt mit 5 Buchstaben (23) Abuja | Accra | Amman | Athen | Dakar | Dhaka | Hanoi | Kabul | Kairo | La Paz | Minsk | Paris | Praia | Quito | Rabat | Sanaa | Sucre | Seoul | Sofia | Tokio | Tunis | Vaduz | Yaren
83%
US-Staat, der auf I endet (3) Hawaii | Mississippi | Missouri
82%
US-Staat, der X enthält (2) New Mexico | Texas
82%
Hauptstadt, die auf N endet (24) Amman | Asunción | Athen | Bandar Seri Begawan | Belmopan | Berlin | Bern | Bloemfontein | Bridgetown | Dublin | Freetown | Georgetown | Jerewan | Kingston | Kingstown | Kopenhagen | Lissabon | London | Port-of-Spain | Tallinn | Teheran | Wellington | Wien | Yaren
82%
Hauptstadt, die mit C beginnt (7) Canberra | Caracas | Castries | Chișinău | Ciudad de la Paz | Conakry | Cotonou
81%
Hauptstadt, die mit N beginnt (10) Nairobi | Nassau | Naypyidaw | N'Djamena | Neu-Delhi | Ngerulmud | Niamey | Nikosia | Nouakchott | Nukuʻalofa
80%
Hauptstadt, die auf S endet (12) Buenos Aires | Caracas | Castries | Damaskus | Paris | Port Louis | Saint George‘s | Saint John’s | Tiflis | Tripolis | Tunis | Vilnius
80%
Land, das auf E endet (11) Belize | Chile | Elfenbeinküste | Kap Verde | Niederlande | São Tomé und Príncipe | Sierra Leone | Simbabwe | Suriname | Ukraine | Vereinigte Arabische Emirate
79%
Hauptstadt, die mit J beginnt (5) Jakarta | Jaunde | Jerewan | Jerusalem | Juba
77%
Land, das auf K endet (5) Dänemark | Dominikanische Republik | Irak | Mosambik | Zentralafrikanische Republik
75%
US-Staat, der mit O beginnt (3) Ohio | Oklahoma | Oregon
75%
Hauptstadt, die mit I beginnt (1) Islamabad
75%
Hauptstadt, die auf D endet (6) Bagdad | Belgrad | Islamabad | Madrid | Ngerulmud | Riad
75%
Hauptstadt, die auf I endet (11) Abu Dhabi | Bangui | Dili | Dschibuti | Funafuti | Hanoi | Helsinki | Kigali | Moroni | Nairobi | Neu-Delhi
71%
US-Staat, der mit F beginnt (1) Florida
70%
Hauptstadt, die SS enthält (6) Basseterre | Bissau | Brüssel | Lissabon | Nassau | Yamoussoukro
70%
Land, das auf I endet (12) Brunei | Burundi | Dschibuti | Eswatini | Fidschi | Haiti | Kiribati | Malawi | Mali | Mongolei | Slowakei | Türkei
69%
Land, das X enthält (2) Luxemburg | Mexiko
69%
Land, das TT enthält (3) Lettland | Osttimor | St. Kitts und Nevis
69%
Hauptstadt, die mit Q beginnt (1) Quito
69%
Hauptstadt, die auf K endet (5) Bangkok | Bishkek | Minsk | Reykjavík | Windhoek
65%
Hauptstadt, die auf U endet (12) Baku | Bissau | Chișinău | Cotonou | Kathmandu | Maseru | Mogadishu | Moskau | Nassau | Ouagadougou | Roseau | Thimphu | Warschau
64%
Hauptstadt, die LL enthält (6) Andorra la Vella | Brazzaville | Libreville | Tallinn | Valletta | Wellington
64%
Land, das SS enthält (2) Guinea-Bissau | Russland
62%
Land, das auf R endet (8) Ecuador | El Salvador | Katar | Madagaskar | Myanmar | Niger | Osttimor | Singapur
60%
Hauptstadt, die mit U beginnt (1) Ulaanbaatar
60%
Hauptstadt, die TT enthält (4) Nouakchott | Ottawa | Sri Jayawardenepura Kotte | Valletta
60%
Land, das RR enthält (3) Andorra | Österreich | Sierra Leone
59%
Land, das auf L endet (4) Israel | Nepal | Portugal | Senegal
58%
Hauptstadt, die auf M endet (5) Amsterdam | Jerusalem | Khartoum | Rom | Stockholm
58%
Land, das PP enthält (1) Phillippinen
55%
Hauptstadt, die auf T endet (14) Aşgabat | Beirut | Budapest | Bukarest | Guatemala-Stadt | Kapstadt | Kuwait-Stadt | Maskat | Mexiko-Stadt | Nouakchott | Panama-Stadt | Rabat | Taschkent | Vatikanstadt
54%
Land, das auf H endet (4) Bangladesch | Frankreich | Österreich | Vereinigtes Königreich
50%
Hauptstadt, die auf L endet (4) Banjul | Brüssel | Kabul | Seoul
50%
Hauptstadt mit 3 Buchstaben (1) Rom
50%
Hauptstadt, die auf W endet (2) Kiew | Naypyidaw
47%
Hauptstadt, die auf Y endet (8) Conakry | Niamey | Port Moresby
46%
Hauptstadt, die mit F beginnt (2) Freetown | Funafuti
45%
Hauptstadt, die auf E endet (18) Basseterre | Brazzaville | Duschanbe | Gaborone | Harare | Jaunde | Libreville | Lilongwe | Lomé | Malé | Mbabane | Port-au-Prince | San José | Sao Tomé | Skopje | Sri Jayawardenepura Kotte | Sucre | Vientiane
43%
Land, das auf T endet (2) Kuwait | Vatikanstadt
40%
Hauptstadt, die F enthält (7) Bloemfontein | Freetown | Funafuti | Nuku'alofa | Port-of-Spain | Sofia | Tiflis
40%
Land, das auf S endet (7) Bahamas | Barbados | Belarus | Honduras | Laos | Mauritius | St. Kitts und Nevis
33%
Hauptstadt, die auf Z endet (3) Ciudad de la Paz | La Paz | Vaduz
33%
Land, das auf Z endet (1) Schweiz
32%
Hauptstadt, die auf H endet (2) Phnom Penh | Taipeh
31%
Land, das auf G endet (1) Luxemburg
30%
US-Staat, der auf Y endet (2) Kentucky | New Jersey
30%
Hauptstadt, die mit G beginnt (4) Gaborone | Georgetown | Gitega | Guatemala-Stadt
29%
Land, das auf M endet (1) Vietnam
27%
Hauptstadt, die auf R endet (7) Algier | Dakar | Kuala Lumpur | Palikir | San Salvador | Singapur | Ulaanbaatar
27%
Hauptstadt, die auf B endet (1) Zagreb
25%
Hauptstadt, die mit Y beginnt (2) Yamoussoukro | Yaren
17%
Land, das LL enthält (2) Marshallinseln | Seychellen
13%
Keine übereinstimmenden Quizze gefunden
Verteilung der Resultate
Anzahl Personen mit jedem Resultat
Perzentil nach korrekt beantworteten Fragen
Ihre Resultats-Entwicklung
Sie haben dieses Quiz noch nicht gespielt